An Overview of Information Technology and its Application in Business (Record no. 1210)

MARC details
000 -LEADER
Fixed length control field 00549nam a2200169 4500
003 - CONTROL NUMBER IDENTIFIER
Control field SEACOMMC
005 - DATE AND TIME OF LATEST TRANSACTION
Control field 20250507115505.0
008 - FIXED-LENGTH DATA ELEMENTS--GENERAL INFORMATION
Fixed length control field 250507b |||||||| |||| 00| 0 eng d
020 ## - INTERNATIONAL STANDARD BOOK NUMBER / ISBN
International Standard Book Number 81-7381-552-6
Price 85.00
040 ## - CATALOGING SOURCE
Original cataloging agency SEACOMMC
082 ## - DEWEY DECIMAL CLASSIFICATION NUMBER
Classification number 005.5062
Book Number J 33
100 ## - MAIN ENTRY--PERSONAL NAME
Personal name Jana, Madan Mohan
245 1# - TITLE STATEMENT
Title An Overview of Information Technology and its Application in Business
Statement of responsibility Madan Mohan Jana [and] Nabin Kumar Samanta
260 ## - IMPRINT
Place of publication Kolkata
Name of publisher New Central Book Agency
Date of publication c2009
650 ## - SUBJECT ADDED ENTRY--TOPICAL TERM
Topical term Business - Computer Network Resources
942 ## - ADDED ENTRY ELEMENTS (KOHA)
Koha item type Books
Holdings
Withdrawn status Lost status Source of classification Damaged status Not for loan Home library Current library Shelving location Date acquired Total Checkouts Call number Accession number Date last seen Price effective from Koha item type Copy number
    Dewey Decimal Classification     SEACOM MANAGEMENT COLLEGE SEACOM MANAGEMENT COLLEGE Reference 10/10/2009   005.5062 J 33 M-2549 07/05/2025 07/05/2025 Reference Books  
    Dewey Decimal Classification     SEACOM MANAGEMENT COLLEGE SEACOM MANAGEMENT COLLEGE Reference 10/10/2009   005.5062 J 33 M-2550 07/05/2025 07/05/2025 Books 1
    Dewey Decimal Classification     SEACOM MANAGEMENT COLLEGE SEACOM MANAGEMENT COLLEGE Reference 10/10/2009   005.5062 J 33 M-2551 07/05/2025 07/05/2025 Books 2
    Dewey Decimal Classification     SEACOM MANAGEMENT COLLEGE SEACOM MANAGEMENT COLLEGE Reference 10/10/2009   005.5062 J 33 M-2552 07/05/2025 07/05/2025 Books 3
    Dewey Decimal Classification     SEACOM MANAGEMENT COLLEGE SEACOM MANAGEMENT COLLEGE Reference 10/10/2009   005.5062 J 33 M-2553 07/05/2025 07/05/2025 Books 4
    Dewey Decimal Classification     SEACOM MANAGEMENT COLLEGE SEACOM MANAGEMENT COLLEGE Reference 10/10/2009   005.5062 J 33 M-2554 07/05/2025 07/05/2025 Books 5
    Dewey Decimal Classification     SEACOM MANAGEMENT COLLEGE SEACOM MANAGEMENT COLLEGE Reference 10/10/2009   005.5062 J 33 M-2555 07/05/2025 07/05/2025 Books 6
    Dewey Decimal Classification     SEACOM MANAGEMENT COLLEGE SEACOM MANAGEMENT COLLEGE Reference 10/10/2009   005.5062 J 33 M-2556 07/05/2025 07/05/2025 Books 7
© Seacom Engineering College, All rights reserved.    Powered by Koha